| 000 | 00524nam a2200181 a 4500 | ||
|---|---|---|---|
| 001 | 000040504 | ||
| 005 | 20201002034156.0 | ||
| 008 | 130826s2005 mx 000 0 spa d | ||
| 020 | _a9703216412 | ||
| 040 |
_aDO-SdBNP _bspa _cBNPHU |
||
| 100 | 1 |
_aUslar Pietri, Arturo _99224 |
|
| 245 | 1 | 3 |
_aLa misa del gallo / _cArturo Uslar Pietri. |
| 260 |
_aMéxico : _bUniversidad Nacional de México, _c2005. |
||
| 300 |
_a32 p. : _b22 cm. |
||
| 490 | 1 |
_aLunes _v30 |
|
| 533 |
_aFacsímil: _bMéxico _d1947 |
||
| 830 | 0 |
_aLunes _n30 _966815 |
|
| 999 |
_c39994 _d39994 |
||